Brazilian Footballers A-Z - Statistics

General Stats
  • This quiz has been taken 244 times
    18 since last reset
  • The average score is 28 of 44
Answer Stats
Letter Hint Answer % Correct
D Goalkeeper who played for AC Milan from 2000 to 2010 Dida
100%
A The Best FIFA Goalkeeper in 2019 Alisson
94%
D Right-back who have played for Barcelona 2008-2016 and 2021-2022 Dani Alves
94%
N All-time highest goalscorer in the history of the Brazil national team Neymar
94%
P Only player to win three FIFA World Cups Pelé
94%
R One of the greatest left backs in history and free-kick specialist Roberto Carlos
94%
R Golden Ball winner in 1994 Romario
94%
R FIFA best player of the year in 2004 and 2005 Ronaldinho
94%
R Top goal scorer at 2002 FIFA World Cup Ronaldo
94%
C Most capped player in the history of Brazil Cafu
88%
K FIFA best player of the year in 2007 Kaká
88%
M Left-back who played for Real Madrid from 2007 to 2022 Marcelo
88%
T Centre-back who played for Paris Saint-Germain from 2012 to 2020 Thiago Silva
88%
M Centre-back who plays for Paris Saint-Germain since 2013 Marquinhos
82%
R FIFA best player of the year in 1999 Rivaldo
82%
W Attacking midfielder and winger who played for Chelsea from 2013 to 2020 Willian
82%
D Captain at the 1994 FIFA World Cup Dunga
76%
G Golden Ball winner in 1962 and World Cup winner in 1958 and 1962 Garrincha
76%
L Centre-back who played most games for Inter, B. Leverkusen and Bayern Munich Lúcio
76%
S Midfielder and captain of Brazilian "Dream team" in 1982 Sócrates
76%
Z One of the world's best players of the late 1970s and early 1980s Zico
76%
H Striker who shares the name with one superhero Hulk
71%
J Goalkeeper who played for Inter from 2005 to 2012 Júlio César
71%
B Striker who celebrated the goal by rocking an imaginary baby in 1994 Bebeto
65%
J Winger and the member of the magical World Cup winning team in 1970 Jairzinho
65%
P Attacking midfielder and winger who played for Liverpool from 2013 to 2018 Philippe Coutinho
59%
R Striker who played most games for Santos, Real Madrid and AC Milan Robinho
59%
T Starting goalkeeper at 1990, 1994 and 1998 FIFA World Cups Taffarel
59%
C "O Capitão" for his leadership at the 1970 World Cup Carlos Alberto
53%
D Golden Ball winner in 1958 Didi
53%
E Defensive midfielder who played for Roma, Juventus, Real Madrid and AC Milan Emerson
47%
V Top goal scorer at 1962 FIFA World Cup along with 5 other players Vavá
41%
T Striker and perhaps the greatest player in the history of Cruzeiro Tostão
35%
C Best Brazilian striker of the 1980s, who scored 7 goals in his two World Cups Careca
29%
D Right-back who have played at 1954, 1958, 1962 and 1966 FIFA World Cups Djalma Santos
29%
N Left full-back who was a twice World Cup winner in 1958 and 1962 Nilton Santos
29%
O Defender who played at 1978, 1982 and 1986 FIFA World Cups Oscar
29%
R Attacking midfielder with a powerful shot and 1970 FIFA World Cup winner Rivellino
29%
A Top goal scorer at the 1950 FIFA World Cup Ademir
24%
F Midfielder and a key member of the 1982 World Cup team Falcão
24%
L Top goal scorer at the 1938 FIFA World Cup Leônidas
24%
G "The brain" behind the team that won the 1970 FIFA World Cup in Mexico Gérson
18%
J Left-back who was an integral part of the 1980s generation Júnior
18%
G Starting goalkeeper at 1958, 1962 and 1966 FIFA World Cups Gilmar
12%
No matching quizzes found
Score Distribution
Percent of People with Each Score
Percentile by Number Answered
Your Score History
You have not taken this quiz since the last reset